000 01272 a2200241 4500
001 24665
005 20260407155530.0
008 260407a1989 arg spa d
003 AR-UNSa-BCEJYS
040 _aAR-UNSa-BCEJYS
_bspa
_cAR-UNSa-BCEJYS
080 _a657.3
_xPresupuestos. Cierre de Cuentas. Balances (Estados Contables)
245 1 0 _aAnálisis e interpretación de estados contables
020 _a950-99231-1-7
250 _a6a. ed
264 1 _aBuenos Aires :
_bReisa
_c1989
300 _a120 p.
_c23 cm.
505 _a1. Objetivos y destinatarios - 2. Antecedentes y evolución - 3. Composición vertical-estructura - 4. Análisis horizontal - tendencias - 5. Tasas de rentabilidad - 6. Formulas de Dupont - Margenes y rotaciones - 7. Capital de trabajo - 8. Indice de liquidez corriente - 9. Liquidez seca - 10. Liquidez total - 11. Endeudamiento - 12. Financiación de inmovilización - 13. El informe económico - 14. Muestra de empresas.
942 _cBK
590 _aniveau_biblio:m niveau_hierar:0
100 1 _aTelias, Alejandro J.
700 1 _aSenderovich, Isaac Aizik
856 4 1 _uhttps://biblioeco.unsa.edu.ar/pmb/images/libros/An?lisis e interpretaci?n de estados contables Senderovich, Isaac A. (1989).jpg
_yImagen de portada
_qimage/jpeg
999 _c1213
_d1213